| 000 | 00421nab a2200145Ia 4500 | ||
|---|---|---|---|
| 003 | ES-SlBCS | ||
| 005 | 20210601124318.0 | ||
| 008 | 140529s1987 xxu||||| |||| 00| 0 eng d | ||
| 041 | _aeng | ||
| 100 | 1 |
_aConfrey, Jere _9139570 |
|
| 245 | 0 | 0 |
_aBridging Research and Practice _c Jere Confrey |
| 650 | 0 | 4 |
_aInvestigación _9124949 |
| 773 | 0 |
_tEducational Theory _gvol. 37, nº. 4, 1987, págs. 383-394 _wRev1399 |
|
| 942 | _cAR | ||
| 999 |
_c512740 _d512740 |
||